000
00330 a2200145 4500
001
162602
020
_a
040
_c
Magnum
100
_a
-
240
1
0
_a
Aladim e a lampada maravilhosa/villa rica
_l
por
245
1
0
_a
Aladim e a lampada maravilhosa/villa rica
362
0
_a
1899
697
_a
I/FADAS, FANTASIA
942
_c
BK
999
_c
162602
_d
162602